00721nam a22001097a 4500040000800000082002700008100007000035245044000105260001900545300002500564856002200589 cRUA aVEM PRE 2015 B517 Or.1 aPRECH SOVANTHEARY; ព្រិច សុវណ្ណធារី aStudy on gumboro disease and antibidies of local chickens by using ha and hi test in teok vil commune, saang district, kamdal province, សិក្សាលើជំងឺ ហ្គុំបូរ៉ូ និងអង់ទីកររបស់ពូជមាន់ស្រែតាមរយៈតេស្ត HA និងHI ក្នុងឃុំទឹកវិល ស្រុកស្អាង ខេត្តកណ្ដាល aRUAbPREc2015 aix,43p.bill.c29cm. uPRECH SOVANTHEARY